| 000 | 004840000a22001810004500 | ||
|---|---|---|---|
| 003 | MACL | ||
| 005 | 20151014153359.0 | ||
| 008 | 151014b xxu||||| |||| 00| 0 eng d | ||
| 040 |
_aMACL _cMACL |
||
| 041 | _aEnglish | ||
| 082 | _a920/GUL | ||
| 100 |
_aGulati, Leela _914831 |
||
| 245 |
_aIn The Adsence Of Their Men _bThe Impact of Male Migration On Women |
||
| 260 |
_bSage Publications _c1993 _aNew Delhi |
||
| 350 | _a200 | ||
| 650 |
_aAutofiography _914073 |
||
| 942 |
_cBK _k920 _2ddc |
||
| 999 |
_c3468 _d3468 |
||